[Event "GER Cup Net V4 U2400"]
[Site "Playchess.com INT"]
[Date "2020.05.31"]
[Round "7"]
[White "Schulz, Michael4444"]
[Black "Lambertz, Michael"]
[Result "1-0"]
[WhiteElo "1983"]
[BlackElo "1809"]
[PlyCount "63"]
[EventDate "2020.05.31"]
[EventType "swiss (blitz)"]
[EventRounds "9"]
[EventCountry "GER"]
[SourceTitle "EXT 2021"]
[Source "ChessBase"]
[SourceDate "2020.10.23"]
[SourceVersion "1"]
[SourceVersionDate "2020.10.23"]
[SourceQuality "1"]

1. d4 Nf6 2. Bg5 Ne4 3. Bf4 d6 4. f3 Nf6 5. e4 Nc6 6. d5 Ne5 7. c4 e6 8. Nc3 exd5 9. cxd5 Be7 10. Bxe5 dxe5 11. Bb5+ Bd7 12. Bxd7+ Qxd7 13. Nge2 0-0 14. 0-0 Bc5+ 15. Kh1 c6 16. Rc1 cxd5 17. Nxd5 Nxd5 18. Rxc5 Nf6 19. Qxd7 Nxd7 20. Rc7 Rfd8 21. Rxb7 Rab8 22. Rxb8 Rxb8 23. b3 f6 24. Rc1 Rb7 25. Ng3 g6 26. h4 Kf7 27. h5 Ke6 28. Rc6+ Ke7 29. h6 Nb8 30. Rc8 Ke6 31. Ne2 Na6 32. Rc6+ 1-0

[Event "GER Cup Net V2 U2400"]
[Site "Playchess.com INT"]
[Date "2020.05.22"]
[Round "1"]
[White "Lambertz, Michael"]
[Black "Mittag, Ralf"]
[Result "1-0"]
[WhiteElo "1787"]
[BlackElo "1983"]
[PlyCount "123"]
[EventDate "2020.05.22"]
[EventType "swiss (blitz)"]
[EventRounds "9"]
[EventCountry "GER"]
[SourceTitle "EXT 2021"]
[Source "ChessBase"]
[SourceDate "2020.10.23"]
[SourceVersion "1"]
[SourceVersionDate "2020.10.23"]
[SourceQuality "1"]

1. e4 g6 2. Bc4 Bg7 3. Nc3 c6 4. d3 e6 5. Nge2 d5 6. Bb3 Nf6 7. Bg5 h6 8. Bh4 Nbd7 9. f4 Qa5 10. 0-0 dxe4 11. dxe4 Nc5 12. e5 Nd5 13. Nxd5 exd5 14. Nd4 Ne6 15. c3 Nxd4 16. cxd4 Bf5 17. Rc1 Qb6 18. Qd2 a5 19. Bc2 Qxb2 20. Rf2 Bxc2 21. Rxc2 Qb6 22. Rb2 Qa7 23. Qc3 0-0 24. f5 g5 25. Bg3 f6 26. e6 Rfe8 27. Bd6 Bf8 28. Bc5 Bxc5 29. Qxc5 Qxc5 30. dxc5 Re7 31. Rb6 Ra7 32. Rfb2 Kf8 33. g4 Rc7 34. Kf2 a4 35. R2b4 Ke7 36. Ke3 Kd8 37. Kd4 Kc8 38. a3 Rh7 39. Rb2 Ra5 40. h3 h5 41. gxh5 Ra7 42. Re2 Kd8 43. Reb2 Kc7 44. Re2 Re7 45. h6 Ra8 46. Reb2 Ra7 47. Rg2 Rh7 48. h4 Rxh6 49. hxg5 fxg5 50. Rxg5 Rh4+ 51. Ke5 Ra5 52. Rg7+ Kb8 53. Rbxb7+ Ka8 54. Rbf7 Rb5 55. e7 Re4+ 56. Kd6 d4 57. Rf8+ Rb8 58. Rgg8 d3 59. Rxb8+ Ka7 60. e8Q Rxe8 61. Rgxe8 d2 62. Rb1 1-0

[Event "GER-ch Net Amateur Gr-A Final"]
[Site "Playchess.com INT"]
[Date "2020.04.18"]
[Round "7"]
[White "Lambertz, Michael"]
[Black "Frick, Christoph"]
[Result "1/2-1/2"]
[WhiteElo "1893"]
[BlackElo "2027"]
[PlyCount "122"]
[EventDate "2020.04.18"]
[EventType "swiss (blitz)"]
[EventRounds "13"]
[EventCountry "GER"]
[SourceTitle "CBM 195 Extra"]
[Source "ChessBase"]
[SourceDate "2020.05.31"]
[SourceVersion "1"]
[SourceVersionDate "2020.05.31"]
[SourceQuality "1"]

1. e4 c6 2. d4 d5 3. exd5 cxd5 4. c4 Nf6 5. Nc3 Nc6 6. Bg5 Be6 7. c5 g6 8. Nf3 Bg7 9. Bd3 0-0 10. 0-0 Nd7 11. Be3 Bg4 12. Be2 e6 13. h3 Bxf3 14. Bxf3 b6 15. Qa4 Qc8 16. cxb6 Nxb6 17. Qc2 Nxd4 18. Bxd4 Bxd4 19. Rac1 Nc4 20. b3 Ne5 21. Qd3 Bxc3 22. Qxc3 Qxc3 23. Rxc3 Nxf3+ 24. Rxf3 Rfc8 25. Re1 Rc2 26. a4 Rac8 27. Ree3 Kh8 28. Rxf7 d4 29. Rxe6 R2c7 30. Rxc7 Rxc7 31. Rd6 Rc3 32. Rxd4 Rxb3 33. Rd8+ Kg7 34. Rd7+ Kh6 35. Rxa7 Rb1+ 36. Kh2 Rb2 37. Kg3 g5 38. f3 Kg6 39. a5 h6 40. Ra8 Kh5 41. a6 Ra2 42. a7 Ra3 43. Kf2 Ra2+ 44. Ke3 Kh4 45. Rh8 Rxa7 46. Rxh6+ Kg3 47. Rg6 Ra3+ 48. Ke4 Kxg2 49. Rxg5+ Kxh3 50. f4 Kh4 51. Rg1 Ra4+ 52. Kf5 Ra5+ 53. Kg6 Ra6+ 54. Kf5 Ra5+ 55. Ke4 Ra4+ 56. Ke5 Ra5+ 57. Ke6 Ra6+ 58. Kd5 Ra5+ 59. Ke6 Ra6+ 60. Kd5 Ra5+ 61. Ke4 Ra4+ 1/2-1/2

[Event "GER-ch Net Amateur Gr-A Final"]
[Site "Playchess.com INT"]
[Date "2020.04.18"]
[Round "1"]
[White "Lambertz, Michael"]
[Black "Kahlert, Thomas"]
[Result "1/2-1/2"]
[WhiteElo "1893"]
[BlackElo "2068"]
[PlyCount "53"]
[EventDate "2020.04.18"]
[EventType "swiss (blitz)"]
[EventRounds "13"]
[EventCountry "GER"]
[SourceTitle "CBM 195 Extra"]
[Source "ChessBase"]
[SourceDate "2020.05.31"]
[SourceVersion "1"]
[SourceVersionDate "2020.05.31"]
[SourceQuality "1"]

1. e4 e5 2. Nf3 Nc6 3. d4 exd4 4. Bc4 Nf6 5. 0-0 Nxe4 6. Re1 d5 7. Bxd5 Qxd5 8. Nc3 Qa5 9. Nxe4 Be6 10. Neg5 0-0-0 11. Nxe6 fxe6 12. Rxe6 Bd6 13. Bg5 Rde8 14. Qe2 Kd7 15. Re4 Qf5 16. Re1 Rxe4 17. Qxe4 Qxe4 18. Rxe4 Re8 19. Rxe8 Kxe8 20. Kf1 Kf7 21. Ke2 Ke6 22. Kd3 Kd5 23. a3 h6 24. Bd2 Be5 25. c3 dxc3 26. Bxc3 Bxc3 27. Kxc3 1/2-1/2

[Event "GER-ch Net Amateur Gr-A Final"]
[Site "Playchess.com INT"]
[Date "2020.04.18"]
[Round "12"]
[White "Lambertz, Michael"]
[Black "Laux, Dominik"]
[Result "0-1"]
[WhiteElo "1893"]
[BlackElo "1889"]
[PlyCount "70"]
[EventDate "2020.04.18"]
[EventType "swiss (blitz)"]
[EventRounds "13"]
[EventCountry "GER"]
[SourceTitle "CBM 195 Extra"]
[Source "ChessBase"]
[SourceDate "2020.05.31"]
[SourceVersion "1"]
[SourceVersionDate "2020.05.31"]
[SourceQuality "1"]

1. e4 c6 2. d4 d5 3. exd5 cxd5 4. c4 Nf6 5. Nc3 Nc6 6. Bg5 dxc4 7. d5 Ne5 8. Qd4 h6 9. Qxe5 hxg5 10. Qxg5 Rh5 11. Qd2 Nxd5 12. Bxc4 e6 13. Bxd5 exd5 14. Nf3 Be6 15. 0-0 Bd6 16. Rfe1 Qa5 17. a3 0-0-0 18. Rac1 Kb8 19. Ne2 Qxd2 20. Nxd2 Bxh2+ 21. Kf1 Be5 22. f3 Bxb2 23. Rb1 Bc3 24. Nxc3 d4 25. Nce4 Ra5 26. Ra1 Rc8 27. Nb3 Bxb3 28. Reb1 Be6 29. Nd6 Rc7 30. Ne8 Rc2 31. Nxg7 Bc4+ 32. Kg1 Rg5 33. Ne8 Rgxg2+ 34. Kh1 Rh2+ 35. Kg1 Rcg2# 0-1

[Event "GER-ch Net Amateur Gr-A Final"]
[Site "Playchess.com INT"]
[Date "2020.04.18"]
[Round "4"]
[White "Namyslo, Holger"]
[Black "Lambertz, Michael"]
[Result "1-0"]
[WhiteElo "2007"]
[BlackElo "1893"]
[PlyCount "55"]
[EventDate "2020.04.18"]
[EventType "swiss (blitz)"]
[EventRounds "13"]
[EventCountry "GER"]
[SourceTitle "CBM 195 Extra"]
[Source "ChessBase"]
[SourceDate "2020.05.31"]
[SourceVersion "1"]
[SourceVersionDate "2020.05.31"]
[SourceQuality "1"]

1. e4 e5 2. Nf3 Nc6 3. Bc4 Bc5 4. c3 Nf6 5. d4 exd4 6. cxd4 Bb4+ 7. Nc3 Nxe4 8. 0-0 Bxc3 9. d5 Ne5 10. bxc3 Nxc4 11. Qd4 0-0 12. Qxe4 Nd6 13. Qf4 b6 14. Ba3 Qf6 15. Qxf6 gxf6 16. Bxd6 cxd6 17. Nd4 Bb7 18. Nf5 Bxd5 19. Ne7+ Kg7 20. Nxd5 Rfe8 21. Rfe1 Rac8 22. Rxe8 Rxe8 23. Kf1 Re5 24. c4 Re4 25. Rc1 Rd4 26. Ke2 b5 27. Ne3 b4 28. Nf5+ 1-0

[Event "GER-ch Net Amateur Gr-A Vor3"]
[Site "Playchess.com INT"]
[Date "2020.04.16"]
[Round "9"]
[White "Lambertz, Michael"]
[Black "Kersten, Uwe"]
[Result "1-0"]
[WhiteElo "1927"]
[BlackElo "2049"]
[PlyCount "141"]
[EventDate "2020.04.16"]
[EventType "swiss (blitz)"]
[EventRounds "9"]
[EventCountry "GER"]
[SourceTitle "CBM 195 Extra"]
[Source "ChessBase"]
[SourceDate "2020.05.31"]
[SourceVersion "1"]
[SourceVersionDate "2020.05.31"]
[SourceQuality "1"]

1. e4 e6 2. d4 d5 3. e5 c5 4. c3 Nc6 5. Nf3 Nh6 6. a3 Nf5 7. b4 cxd4 8. cxd4 Bd7 9. Bb2 Rc8 10. Nc3 Nxb4 11. axb4 Bxb4 12. Rc1 Qa5 13. Qd2 0-0 14. Bd3 Rc7 15. Bxf5 exf5 16. 0-0 Rfc8 17. Qg5 Bxc3 18. Bxc3 Rxc3 19. Ra1 Qb6 20. Rab1 Bb5 21. Qxf5 a6 22. Ng5 Qg6 23. Qxg6 hxg6 24. Rfe1 Bd3 25. Rbd1 Bf5 26. h3 b5 27. e6 Bxe6 28. Nxe6 fxe6 29. Rxe6 Rc1 30. Rxc1 Rxc1+ 31. Kh2 Ra1 32. Rd6 b4 33. Rxd5 b3 34. Rd8+ Kf7 35. Rb8 Ra3 36. Kg3 a5 37. Kf4 a4 38. Ke5 Ra2 39. Rb7+ Kg8 40. d5 Re2+ 41. Kd4 b2 42. Kd3 Rxf2 43. d6 Kf8 44. Rb8+ Kf7 45. d7 Rf1 46. Ke2 b1Q 47. Rxb1 Rxb1 48. d8Q Rb2+ 49. Kf3 a3 50. Qd5+ Kf8 51. Qc5+ Kg8 52. Qxa3 Rb8 53. Qa2+ Kh7 54. Qf7 Rb4 55. g4 Ra4 56. h4 Ra3+ 57. Kf4 Ra1 58. Qe8 Rf1+ 59. Kg3 Rg1+ 60. Kf3 Rf1+ 61. Kg2 Rc1 62. h5 gxh5 63. Qxh5+ Kg8 64. g5 Rc2+ 65. Kf3 Rc3+ 66. Ke4 Rc8 67. g6 Re8+ 68. Kd5 Rd8+ 69. Ke6 Re8+ 70. Kd7 Re7+ 71. Kd6 1-0

[Event "GER-ch Net Amateur Gr-A Vor2"]
[Site "Playchess.com INT"]
[Date "2020.04.15"]
[Round "8"]
[White "Lambertz, Michael"]
[Black "Frick, Christoph"]
[Result "1-0"]
[WhiteElo "1901"]
[BlackElo "1977"]
[PlyCount "75"]
[EventDate "2020.04.15"]
[EventType "swiss (blitz)"]
[EventRounds "9"]
[EventCountry "GER"]
[SourceTitle "CBM 196 Extra"]
[Source "ChessBase"]
[SourceDate "2020.07.31"]
[SourceVersion "1"]
[SourceVersionDate "2020.07.31"]
[SourceQuality "1"]

1. e4 c6 2. d4 d5 3. exd5 cxd5 4. c4 Nf6 5. Nc3 Nc6 6. Bg5 Be6 7. Nf3 g6 8. c5 Bg7 9. Bd3 0-0 10. 0-0 Bg4 11. Be2 Ne4 12. Be3 Bxf3 13. Bxf3 f5 14. Qb3 Nxd4 15. Bxd4 Bxd4 16. Nxd5 Rf7 17. Rfd1 Nxc5 18. Qc4 Ne6 19. Rac1 Qd6 20. Nc3 Qb6 21. Bd5 Bxf2+ 22. Kh1 Rf6 23. Rc2 Be3 24. Re2 f4 25. Ne4 Rd8 26. Nxf6+ exf6 27. Bxe6+ Kg7 28. Rxd8 Qxd8 29. Qd5 Qc7 30. Qd7+ Qxd7 31. Bxd7 f5 32. Rc2 Kf6 33. Rc7 g5 34. Rxb7 g4 35. Bb5 h5 36. Bc4 h4 37. Rf7+ Ke5 38. Bd3 1-0

[Event "GER-ch Net Amateur Gr-A Vor2"]
[Site "Playchess.com INT"]
[Date "2020.04.15"]
[Round "6"]
[White "Mueller, Adrian"]
[Black "Lambertz, Michael"]
[Result "0-1"]
[WhiteElo "2007"]
[BlackElo "1873"]
[PlyCount "62"]
[EventDate "2020.04.15"]
[EventType "swiss (blitz)"]
[EventRounds "9"]
[EventCountry "GER"]
[SourceTitle "CBM 196 Extra"]
[Source "ChessBase"]
[SourceDate "2020.07.31"]
[SourceVersion "1"]
[SourceVersionDate "2020.07.31"]
[SourceQuality "1"]

1. e4 e5 2. Nf3 Nc6 3. Bb5 a6 4. Ba4 Nf6 5. 0-0 Be7 6. Re1 b5 7. Bb3 d6 8. c3 0-0 9. h3 Na5 10. Bc2 c5 11. d4 Nd7 12. a4 Bb7 13. d5 Nc4 14. b3 Ncb6 15. a5 Nc8 16. Nbd2 Re8 17. Nf1 g6 18. Bh6 Bf8 19. Bxf8 Rxf8 20. b4 Ne7 21. g4 h6 22. Ng3 Kg7 23. Qd2 Ng8 24. Kh2 Bc8 25. Rg1 Qe7 26. Raf1 Rd8 27. g5 h5 28. Nh4 Nf8 29. f4 exf4 30. Qxf4 Qd7 31. e5 Qxh3# 0-1

[Event "GER-ch Net Amateur Gr-A Vor1"]
[Site "Playchess.com INT"]
[Date "2020.04.14"]
[Round "8"]
[White "Henning, Marvin"]
[Black "Lambertz, Michael"]
[Result "1/2-1/2"]
[WhiteElo "2247"]
[BlackElo "1845"]
[PlyCount "143"]
[EventDate "2020.04.14"]
[EventType "swiss (blitz)"]
[EventRounds "9"]
[EventCountry "GER"]
[SourceTitle "EXT 2021"]
[Source "ChessBase"]
[SourceDate "2020.10.23"]
[SourceVersion "1"]
[SourceVersionDate "2020.10.23"]
[SourceQuality "1"]

1. e4 e5 2. Nf3 Nc6 3. Bb5 a6 4. Ba4 Nf6 5. 0-0 Be7 6. c3 b5 7. Bc2 d6 8. d4 0-0 9. h3 Re8 10. Re1 Bf8 11. Nbd2 exd4 12. cxd4 Bb7 13. Nf1 g6 14. Ng3 Bg7 15. a3 Rc8 16. Bg5 h6 17. Be3 Ne7 18. Qd2 Kh7 19. Rad1 c5 20. d5 Nd7 21. b3 Ng8 22. Nh2 Ne5 23. f4 Nd7 24. Nf3 c4 25. bxc4 Rxc4 26. Rf1 Nc5 27. Bxc5 Rxc5 28. h4 Qb6 29. Kh1 Rec8 30. Bb1 Rc3 31. h5 Qe3 32. e5 Qxd2 33. Rxd2 dxe5 34. fxe5 Rc1 35. Rdd1 R1c3 36. e6 fxe6 37. Bxg6+ Kh8 38. Ne4 Re3 39. Nd6 Rc7 40. Nf7+ Rxf7 41. Bxf7 Bxd5 42. Rde1 Rxa3 43. Bxe6 Bc4 44. Rf2 Nf6 45. Bxc4 bxc4 46. Ne5 Nxh5 47. Nxc4 Ra4 48. Re8+ Kh7 49. Ne3 Rh4+ 50. Kg1 Bd4 51. Re7+ Kg8 52. Kf1 Ng3+ 53. Ke1 Rh1+ 54. Kd2 Bxe3+ 55. Rxe3 Nf1+ 56. Rxf1 Rxf1 57. Re6 Rf2+ 58. Ke3 Rxg2 59. Rxa6 Kg7 60. Kf3 Rg6 61. Ra5 Rg5 62. Ra6 Rg6 63. Ra1 Rf6+ 64. Kg4 Kg6 65. Ra4 Rd6 66. Kh4 Re6 67. Rg4+ Kf6 68. Ra4 Re5 69. Ra6+ Kf5 70. Rxh6 Re4+ 71. Kg3 Ke5 72. Rh5+ 1/2-1/2

[Event "GER-ch Net Amateur Gr-A Vor1"]
[Site "Playchess.com INT"]
[Date "2020.04.14"]
[Round "7"]
[White "Lambertz, Michael"]
[Black "Fabregas, Oliver"]
[Result "1-0"]
[WhiteElo "1830"]
[BlackElo "1792"]
[PlyCount "87"]
[EventDate "2020.04.14"]
[EventType "swiss (blitz)"]
[EventRounds "9"]
[EventCountry "GER"]
[SourceTitle "EXT 2021"]
[Source "ChessBase"]
[SourceDate "2020.10.23"]
[SourceVersion "1"]
[SourceVersionDate "2020.10.23"]
[SourceQuality "1"]

1. e4 c6 2. d4 d5 3. exd5 cxd5 4. c4 Nf6 5. Nc3 Be6 6. Bg5 dxc4 7. Bxf6 exf6 8. d5 Bf5 9. Bxc4 a6 10. Nf3 Bd6 11. 0-0 0-0 12. Re1 Nd7 13. a4 Bg4 14. h3 Bh5 15. Be2 Re8 16. Rc1 Rc8 17. Qd4 Bc5 18. Qh4 Bg6 19. Rcd1 Qb6 20. Rd2 Ne5 21. Red1 Bd6 22. Nd4 Nc4 23. Bxc4 Rxc4 24. Qg4 h5 25. Qf3 Be5 26. Nf5 Rf4 27. Qe3 Qxe3 28. Nxe3 Bd6 29. b3 Rb4 30. Nc4 Rd8 31. Rb2 b5 32. axb5 axb5 33. Nxd6 Rxd6 34. Ra1 Rd4 35. Nxb5 R6xd5 36. Nxd4 Rxd4 37. b4 Be4 38. b5 Rd7 39. b6 Bb7 40. Ra7 Kh7 41. Kh2 Kg6 42. Rc2 Be4 43. Rxd7 Bxc2 44. b7 1-0

[Event "GER-ch Net blitz qual4"]
[Site "Playchess.com INT"]
[Date "2020.03.23"]
[Round "5"]
[White "Heutling, Elina"]
[Black "Lambertz, Michael"]
[Result "0-1"]
[WhiteElo "1833"]
[BlackElo "2025"]
[PlyCount "94"]
[EventDate "2020.03.23"]
[EventType "swiss (blitz)"]
[EventRounds "9"]
[EventCountry "GER"]
[SourceTitle "CBM 195 Extra"]
[Source "ChessBase"]
[SourceDate "2020.05.31"]
[SourceVersion "1"]
[SourceVersionDate "2020.05.31"]
[SourceQuality "1"]

1. e4 e5 2. Nf3 Nc6 3. Bb5 a6 4. Ba4 Nf6 5. 0-0 Be7 6. Re1 b5 7. Bb3 d6 8. c3 0-0 9. h3 Na5 10. Bc2 c5 11. d4 Nd7 12. Nbd2 exd4 13. cxd4 Nc6 14. d5 Nce5 15. Nf1 Bf6 16. Nxe5 Nxe5 17. f4 Ng6 18. Qf3 Re8 19. g4 Bd4+ 20. Be3 Bxb2 21. Rab1 Bc3 22. Re2 b4 23. g5 a5 24. Rh2 f5 25. exf5 Nh4 26. Qg4 Ng6 27. h4 Rf8 28. h5 Ne7 29. g6 Bxf5 30. gxh7+ Bxh7 31. Bxh7+ Kxh7 32. h6 g6 33. Ng3 Nf5 34. Nxf5 Rxf5 35. Kh1 Qf6 36. Rf1 a4 37. Re2 Re8 38. Bd4 Qf7 39. Bxc3 bxc3 40. Rc2 Qxd5+ 41. Kh2 Rh5+ 42. Kg3 Re3+ 43. Rf3 Rxf3+ 44. Qxf3 Rh3+ 45. Kxh3 Qxf3+ 46. Kh4 Qxf4+ 47. Kh3 Qf5+ 0-1

[Event "GER-ch Net blitz qual4"]
[Site "Playchess.com INT"]
[Date "2020.03.23"]
[Round "4"]
[White "Lambertz, Michael"]
[Black "Arnold, Max"]
[Result "0-1"]
[WhiteElo "2025"]
[BlackElo "2283"]
[PlyCount "74"]
[EventDate "2020.03.23"]
[EventType "swiss (blitz)"]
[EventRounds "9"]
[EventCountry "GER"]
[SourceTitle "CBM 195 Extra"]
[Source "ChessBase"]
[SourceDate "2020.05.31"]
[SourceVersion "1"]
[SourceVersionDate "2020.05.31"]
[SourceQuality "1"]

1. e4 e5 2. Nf3 Nc6 3. d4 exd4 4. Bc4 Nf6 5. 0-0 Nxe4 6. Re1 d5 7. Bxd5 Qxd5 8. Nc3 Qd7 9. Nxe4 Be7 10. Bg5 0-0 11. Bxe7 Qxe7 12. Nxd4 Bd7 13. Ng3 Qf6 14. Nxc6 Bxc6 15. c3 Rad8 16. Qc2 g6 17. Rad1 h5 18. h3 h4 19. Nf1 Qg5 20. Ne3 Kg7 21. Rxd8 Rxd8 22. Qe2 a5 23. Qg4 Qxg4 24. Nxg4 Rd2 25. Re7 Rxb2 26. Rxc7 Rxa2 27. Ne5 Bd5 28. c4 Ra1+ 29. Kh2 Be6 30. Rxb7 a4 31. Ra7 a3 32. c5 a2 33. c6 Rc1 34. Nxf7 Bxf7 35. c7 Kf6 36. Ra6+ Be6 37. Rc6 Rxc6 0-1

[Event "GER-ch Net blitz qual3"]
[Site "Playchess.com INT"]
[Date "2020.03.21"]
[Round "9"]
[White "Lambertz, Michael"]
[Black "Boder, Jan"]
[Result "0-1"]
[WhiteElo "2025"]
[BlackElo "2103"]
[PlyCount "84"]
[EventDate "2020.03.21"]
[EventType "swiss (blitz)"]
[EventRounds "9"]
[EventCountry "GER"]
[SourceTitle "CBM 195 Extra"]
[Source "ChessBase"]
[SourceDate "2020.05.31"]
[SourceVersion "1"]
[SourceVersionDate "2020.05.31"]
[SourceQuality "1"]

1. e4 c5 2. c3 Nf6 3. e5 Nd5 4. Bc4 Nb6 5. Bb3 Nc6 6. Nf3 d6 7. exd6 e6 8. 0-0 Bxd6 9. d4 cxd4 10. Nxd4 Nxd4 11. Qxd4 0-0 12. Bg5 Qc7 13. Qh4 Bd7 14. Nd2 Bc6 15. Bc2 f5 16. Nb3 Bd5 17. Rad1 Nc4 18. Bc1 Ne5 19. h3 Ng6 20. Qh5 b6 21. Nd4 Qb7 22. f3 Nf4 23. Bxf4 Bxf4 24. Rfe1 Rae8 25. Bb3 g6 26. Qh4 Qc7 27. Nxe6 Bxe6 28. Rxe6 Kh8 29. Rxe8 Rxe8 30. Qf6+ Qg7 31. Qxg7+ Kxg7 32. Rd7+ Kf6 33. Rxa7 Re2 34. Rxh7 Rxb2 35. Rd7 Be3+ 36. Kh2 Kg5 37. Rd1 Bf4+ 38. Kg1 Kh4 39. c4 Kg3 40. Rf1 Rxg2+ 41. Kh1 Rh2+ 42. Kg1 Be3+ 0-1

[Event "GER-ch Net blitz qual2"]
[Site "Playchess.com INT"]
[Date "2020.03.16"]
[Round "4"]
[White "Lambertz, Michael"]
[Black "Baum, Bernhard"]
[Result "1-0"]
[WhiteElo "2025"]
[BlackElo "1656"]
[PlyCount "123"]
[EventDate "2020.03.16"]
[EventType "swiss (blitz)"]
[EventRounds "9"]
[EventCountry "GER"]
[SourceTitle "CBM 195 Extra"]
[Source "ChessBase"]
[SourceDate "2020.05.31"]
[SourceVersion "1"]
[SourceVersionDate "2020.05.31"]
[SourceQuality "1"]

1. e4 c5 2. c3 d5 3. exd5 Qxd5 4. d4 cxd4 5. cxd4 e6 6. Nf3 Bb4+ 7. Nc3 Nf6 8. Bd3 Ne4 9. Qa4+ Nc6 10. Qc2 Nxc3 11. bxc3 Be7 12. 0-0 0-0 13. c4 Qd8 14. Bb2 Bf6 15. Rad1 Nb4 16. Bxh7+ Kh8 17. Qb3 Kxh7 18. Qxb4 b6 19. d5 Bxb2 20. Qxb2 Qf6 21. Qc2+ g6 22. Rfe1 exd5 23. cxd5 Bf5 24. Qd2 Rad8 25. Re3 Bg4 26. h3 Bxf3 27. Rxf3 Qd6 28. Qd4 Rd7 29. Rf6 Qc5 30. Qxc5 bxc5 31. Rc6 Rfd8 32. Rxc5 Kg7 33. Rd4 Kf6 34. Ra5 Ke5 35. Rda4 Rxd5 36. Rxd5+ Rxd5 37. Rxa7 f5 38. a4 g5 39. Kh2 f4 40. a5 Rd2 41. a6 Ra2 42. Ra8 Kf6 43. a7 Kg7 44. f3 Kh7 45. h4 g4 46. fxg4 f3 47. Rf8 Rxa7 48. gxf3 Kg7 49. Rc8 Rf7 50. Kg3 Ra7 51. g5 Ra1 52. h5 Rg1+ 53. Kf4 Rh1 54. Rc7+ Kg8 55. Kf5 Rxh5 56. Kg6 Kh8 57. Kxh5 Kg8 58. f4 Kf8 59. f5 Ke8 60. g6 Kd8 61. Ra7 Ke8 62. g7 1-0